Introducción a las matemáticas /

Contenido: Diversión con matemáticas; Sistemas de numeración; Sistemas matemáticos; Conjuntos y proposiciones; Conjuntos de números; Una introducción a la geometría; Una introducción al álgebra; Una introducción a la probabilidad; Conceptos de lógica; Conceptos de geometría.

Guardado en:
Detalles Bibliográficos
Autor principal: Meserve, Bruce E. (autor)
Otros autores: Sobel, Max A. (autor) (autor)
Formato: Libro
Idioma:Español
Publicado: México : Reverté, 2003, c2003
Edición:2a edición
Temas:
Etiquetas: Agrega una etiqueta
Sin etiquetas, Sé el primero en etiquetar este registro!

MARC

LEADER 00000nam^a2200000^a^4500
001 000182908
005 20250521000000.0
009 20260310102024.211
020 |a 968-6708-53-7 
037 |a Acervo ITESO - Biblioteca 
041 |a ESP 
082 |a 510.  |b MES 
100 |a Meserve, Bruce E.  |e (autor) 
245 1 0 |a Introducción a las matemáticas /  |c B.E. Meserve, M.A. Sobel ; tr. por Julián Zugazazagoitia. 
250 |a 2a edición 
264 4 |a México :  |b Reverté,  |c 2003, c2003 
300 |a 462 p. 
336 |a texto  |b txt  |2 rdacontenido 
337 |a sin mediación  |b n  |2 rdamedio 
338 |a volumen  |b nc  |2 rdasoporte 
500 |a Traducción de: Introduction to Mathematics 
520 |a Contenido: Diversión con matemáticas; Sistemas de numeración; Sistemas matemáticos; Conjuntos y proposiciones; Conjuntos de números; Una introducción a la geometría; Una introducción al álgebra; Una introducción a la probabilidad; Conceptos de lógica; Conceptos de geometría. 
649 |a XX 
650 |a Matemáticas -  |x Generalidades 
700 |a Sobel, Max A.  |e (autor) 
910 |a Fondo General 
920 |a Impresos - Libros 
930 |a Colección General 
905 |a 101 
901 |a 0500123146  |b IT1  |c ACC  |u 20250521 
902 |a https://opac.biblio.iteso.mx/vufind/Record/000182908